Sherlock Holmes (Registo nº 44321)

Detalhes MARC
000 -Etiqueta do registo
campo de controlo de comprimento fixo 007560000a22002650004500
001 - Identificador do registo
Campo de controlo 44321
010 ## - ISBN
Número (ISBN) 2-266-01968-6
100 ## - Dados Gerais de Proc.
Dados gerais de processamento 20071108d1987 k y0pory5003 ba
101 0# - Língua da publicação
Língua do texto, banda sonora, etc. Francês
102 ## - País de Publicação
País de publicação França
200 1# - Título
Título próprio Sherlock Holmes
Primeira menção de responsabilidade Conan Doyle
Outras menções de responsabilidade trad. e notas Frédérique Coste
Informação de outro título bilingue: vol. II
210 ## - Publicação, Distribuição
Lugar da edição, distribuição, etc. Paris
Nome do editor, distribuidor, etc. Presses Pocket
Data da publicação, distribuição, etc. 1987
215 ## - Descrição física
Descrição física 287, [1] p.
225 2# - Colecção
Título próprio da colecção Les langues pourtous
Indicação de volume 2715
606 ## - Nome comum
Elemento de entrada Literatura
606 ## - Nome comum
Elemento de entrada Língua francesa
606 ## - Nome comum
Elemento de entrada Língua inglesa
606 ## - Nome comum
Elemento de entrada Conto
675 ## - CDU
Notação 82
Edição BN
Língua da edição Português
675 ## - CDU
Notação 80
Edição BN
Língua da edição Português
700 #1 - Responsabilidade principal
Palavra de ordem Doyle
Outra parte do nome Arthur Conan
Datas 1859-1930
702 #1 - Responsabilidade secundária
Koha Internal Code 15718
Código de função Tradutor
Palavra de ordem Coste
Outra parte do nome Frédérique
090 ## - Números de controlo do sistema (Koha)
Número biblioitem do Koha (gerado automaticamente) 44321
942 ## - Elementos de entrada adicionados (Koha)
Tipo de item no Koha Monografias
Suprimido Disponível no OPAC
999 ## - Campo local
Campo local 44321
Exemplares
Perdido (estado) Data de aquisição Origem do registo (biblioteca) (codificado) Código da organização que empresta ou é detentora (biblioteca) Código de barras Cota Tipo de circulação (não pode ser emprestado) Tipo de item e material
Disponível 2007-11-08 Biblioteca da Escola Secundária Dr. Jorge Augusto Correia Biblioteca da Escola Secundária Dr. Jorge Augusto Correia BESJAC4142 82 DOY Normal Monografias